000 00629nam a2200145 a 4500
008 120416s2003 ||||||||||||||||| || u
050 _aIBRD(02)
100 _aHonohan, Patrick
245 1 0 _aTaxation of financial intermediation: theory and practice for emerging economies
_cedited by Patrick Honohan
260 _aWashington, D.C.
_bWorld Bank
_c2003
350 _a0.00
650 _aFINANCIAL SERVICES INDUSTRY--TAXATION--DEVELOPING COUNTRIES
710 _aWorld Bank
995 _D0.00
_FCBU-MAIN LIBRARY (Kitwe)
_H1
_I0.00
_M1
_UAVAILABLE
_WDec 13, 2007
_ZInternational Publications
999 _c59418
_d59418